14. festival internazionale di film con tematiche omosessuali : da Sodoma a Hollywood.

Uloženo v:
Podrobná bibliografie
Korporativní autor: Festival internazionale di film con tematiche omosessuali Torino (Autor)
Médium: Konferenční příspěvek Kniha
Jazyk:italština
angličtina
Vydáno: Torino : [L'altra comunicazione], [1999]
Tagy: Přidat tag
Žádné tagy, Buďte první, kdo vytvoří štítek k tomuto záznamu!

MARC

LEADER 00000nam a22000007i 4500
001 IT\ICCU\UBO\3655738
003 ItRI
005 20260115232216.0
008 090624s1999 it |||||| ||||| |||||c
040 |b ita  |c importazione bologna sebina 
041 7 |a ita  |a eng  |2 ISO-639-2 
111 2 |a Festival internazionale di film con tematiche omosessuali  |n  (14. :  |d 1999 :  |c Torino)  |0 IT\ICCU\UBOV\344825  |4 aut 
245 0 0 |a 14. festival internazionale di film con tematiche omosessuali :  |b da Sodoma a Hollywood. 
260 |a Torino :  |b [L'altra comunicazione],  |c [1999] 
300 |a 229 p. :  |b ill. ;  |c 21x21 cm 
500 |a Titolo della copertina 
500 |a Testi in italiano e inglese 
942 |2 ddc  |c BK  |n 0 
952 |0 0  |1 0  |4 0  |6 DOC_791_436000000000000_FES  |7 0  |9 21990  |a BO  |b BO  |d 2026-01-15  |i 5419  |l 0  |o DOC 791.436 FES  |p BO5419  |r 2026-01-15 23:22:16  |w 2026-01-15  |x [Sebina 7] [1 v.]  |y BK  |z 1 v. 
999 |c 18801  |d 18801